| 000 | 01418nam a2200337 4500 | ||
|---|---|---|---|
| 001 | 0000015265 | ||
| 003 | CO-CtgCURN | ||
| 005 | 20250429224006.0 | ||
| 007 | ta | ||
| 008 | 160627s1982 000 0 eng d | ||
| 020 | _a8471120992 | ||
| 040 |
_aCO-CtgCURN _bspa _ccoctgcurn |
||
| 082 | 0 |
_a370.7 _bB464 |
|
| 100 | 1 | _aBest, John Wesley. | |
| 245 | 1 | 0 |
_aComo investigar en educación / _cJohn W. Best , version española, adaptacion por Gonzalo Gonzalvo Mainar , Introducción por Ma. Raquel Paya Ibars. |
| 250 | _a9a ed. | ||
| 260 |
_aMadrid : _bEdiciones Morata, _c1982. |
||
| 300 | _a510 p. | ||
| 336 | _2rdacontent | ||
| 337 |
_2rdamedia _asin mediacion _bn |
||
| 338 |
_2rdacarrier _avolumen _bnc |
||
| 490 | 1 | _aColección Pedagogia | |
| 500 | _aIncluye apendice\Titulo original. Research in education. | ||
| 505 | 8 | _aEl significado de la investigación.--Selección del problema.--Uso de las referencias.--La Investigación historica.--investigación descrptiva.--investigación experimental.--Instrumentos de la investigación.--Análisis deductivo de los datos.--El informe de la Investigación | |
| 650 | 1 | 4 |
_aEducación _vInvestigaciones. |
| 700 | 1 |
_aGonzalvo Mainar, Gonzalo, _eTraductor. |
|
| 908 | _a160627 | ||
| 942 |
_cBK _h370.7 _iB464 _2ddc |
||
| 999 |
_c34556 _d34556 |
||